Những di sản văn hóa thế giới ở Việt Nam : Đĩa đa ngôn ngữ: Việt Nam-Pháp-Tây Ban Nha

में बचाया:
ग्रंथसूची विवरण
स्वरूप: पुस्तक
भाषा:Undetermined
प्रकाशित: Thành phố Hồ Chí Minh Thành phố Hồ Chí Minh
विषय:
टैग : टैग जोड़ें
कोई टैग नहीं, इस रिकॉर्ड को टैग करने वाले पहले व्यक्ति बनें!
Thư viện lưu trữ: Trung tâm Học liệu Trường Đại học Cần Thơ
LEADER 00761nam a2200205Ia 4500
001 CTU_137368
008 210402s9999 xx 000 0 und d
020 |c 40000 
082 |a 915.97 
082 |b Nh556 
245 0 |a Những di sản văn hóa thế giới ở Việt Nam : 
245 0 |b Đĩa đa ngôn ngữ: Việt Nam-Pháp-Tây Ban Nha 
245 0 |c Trung tâm Hợp tác Báo chí Truyền thông Quốc tế 
260 |a Thành phố Hồ Chí Minh 
260 |b Thành phố Hồ Chí Minh 
650 |a Vietnam,Civilization,Văn minh 
650 |x Description and travel,Mô tả và du hành 
904 |i Tuyến 
915 |a 900 
980 |a Trung tâm Học liệu Trường Đại học Cần Thơ